Movies by Main Actors - Statistics

General Stats
  • This quiz has been taken 194 times
  • The average score is 11 of 25
Answer Stats
Hint Answer % Correct
Robert Downey Jr, Chris Evans, Mark Ruffalo The Avengers
84%
Dwayne Johnson, Kevin Hart, Jack Black, Karen Gillan Jumanji
82%
Jackie Chan, Chris Tucker Rush Hour
72%
Bradley Cooper, Lady Gaga A Star is Born
70%
Jennifer Lawrence, Josh Hutchinson Hunger Games
68%
Kristen Bell, Idina Menzel Frozen
64%
Anna Kendrick, Brittney Snow Pitch Perfect
62%
Tom Hanks, Tim Allen Toy Story
62%
Margot Robbie, Will Smith, Jared Leto Suicide Squad
56%
Ben Stiller, Robin Williams Night at the Museum
52%
Vin Diesel, Dwayne Johnson Fast & Furious
50%
Jack Black, Angelina Jolie, Jackie Chan, Seth Rogan, David Cross, Lucy Liu Kung Fu Panda
47%
Tom Hanks, Robin Wright Forrest Gump
45%
Chris Pratt, Jennifer Lawrence Passengers
45%
Dylan O'Brian, Thomas Brodie-Sangster, Kaya Scodelario Maze Runner
38%
Will Ferrell, Kevin Hart Get Hard
30%
Chris Pratt, Elizabeth Banks, Will Arnett Lego Movie
26%
Kevin Hart, Tiffany Haddish, Rob Riggle Night School
25%
Ben Affleck, John Hartnett Pearl Harbor
24%
Vince Vaughn, Owen Wilson, Dylan O'Brian The Internship
20%
Chazz Palminteri, Robert De Niro, Lillo Brancato Jr. A Bronx Tale
13%
Zachary Gordan, Devon Bostick, Robert Capron Diary of a Wimpy Kid
12%
Mark Wahlburg, Lauren Cohen Mile 22
7%
Dwayne Johnson, Xzibit Gridiron Gang
6%
Milla Jovovich, Steve Zahn A Perfect Getaway
3%
No matching quizzes found
Score Distribution
Percent of People with Each Score
Percentile by Number Answered
Your Score History
You have not taken this quiz